1991 1236 1169 1470 1341 1281 1899 1263 1574 1044 1497 1826 1097 1715 1331 1864 1355 1611 1986 1242 1309 1841 1033 1413 1523 1775 1812 1986 1493 1848 1740 1145 1812 1620 1838 1123 1385 1354 1067 1026 1224 1611 1403 1946 1297 1721 1504 1133 1623 1113 1616 1607 1200 1419 1728 1860 1247 1988 1067 1547 1726 1402 1133 1546 1289 1216 1896 1905 1785 1364 1770 1464 1695 1667 1384 1127 1481 1340 1064 1369 1546 1258 1410 1537 1487 1707 1125 1273 1622 1582 1154 1117 1238 1249 1344 1657 1204 1331 1078 BCNSPRNW ULIB Ver.6.0+V

เปลี่ยนเป็นภาษาไทย

Change to English
 แสดงรายละเอียดบรรณานุกรม
  กลับหน้าหลัก

Brief Record : Get Marc (ISO 2709) : E-mail record : QR code < ปิดหน้าต่าง
LEADER : 00000nam 2200000uu 4500
001    13399112292
003     ULIB
008    110426s2550||||th 000 0 tha d
020    9749557600
060  4 W13^bว579พ 2550
100 0  วิทย์ เที่ยงบูรณธรรม
245 10 พจนานุกรมแพทยศาสตร์ 2 =^bMedical Dictionary 2/^cวิทย์ เที่ยงบูรณธรรม
246 31 Medical Dictionary 2
260    กรุงเทพฯ :^bอักษรพิทยา,^c2550
300    1,289 หน้า
650  7 ศัพท์การแพทย์
650  7 แพทย์^xพจนานุกรม
945    ^p1100^l0^i023901
995    ทศพร
999 ^a ใช้งานได้ทุกระบบ
รายการนี้ยังไม่มีแท็ก
คุณยังไม่ได้ล็อกอิน คุณสามารถมีกิจกรรมร่วมกับเว็บไซต์ได้ แต่ต้องล็อกอินก่อน ::
  ล็อกอิน

รายการสื่อสารสนเทศ

ลำดับที่ ประเภท เลขเรียก/บาร์โค้ด สถานที่ สถานะ
- ไม่พบข้อมูล -

รายการใกล้เคียง
    ผู้แต่ง [วิทย์ เที่ยงบูรณธรรม]

    หัวเรื่อง [ศัพท์การแพทย์]

BibComment


ยังไม่เคยถูกคอมเมนท์

คอมเมนท์ทรัพยากรรายการนี้
  คอมเมนท์: พจนานุกรมแพทยศาสต..


 Copyright 2026. Bcnsprnw @Library